00442nam a22001577a 4500003000400000005001700004008004100021020001400062040003000076050002300106100001900129245005000148260004600198300001000244650003000254OSt20230804102047.0230323b |||||||| |||| 00| 0 eng d a999846088 cChuka University Library  aLB 1049b.O39 1990 aOkombo, Okoth  aA student's guide to writing and study skills aNairobi bNairobi University Press c1990 a116p. aWriting and study skills